LIBRARY ONLINE CATALOGUE

The Faithful christian : (Record no. 9827)

MARC details
000 -LEADER
fixed length control field 00807nam a22002412 4500
001 - CONTROL NUMBER
control field 0000023455
005 - DATE AND TIME OF LATEST TRANSACTION
control field 20151217152241.0
008 - FIXED-LENGTH DATA ELEMENTS--GENERAL INFORMATION
fixed length control field 121204s xx 000 0 eng d
020 ## - INTERNATIONAL STANDARD BOOK NUMBER
International Standard Book Number 0890662630 :
040 ## - CATALOGING SOURCE
Original cataloging agency KABU
Transcribing agency KABU
100 1# - MAIN ENTRY--PERSONAL NAME
Personal name Graham, Billy.
-- 0000182858
245 14 - TITLE STATEMENT
Title The Faithful christian :
Remainder of title an anthology of Billy Graham /
Statement of responsibility, etc. compiled by William Griffin and Ruth Graham Dienert.
250 ## - EDITION STATEMENT
Edition statement 1st ed.
260 ## - PUBLICATION, DISTRIBUTION, ETC. (IMPRINT)
Place of publication, distribution, etc. New York :
Name of publisher, distributor, etc. McCracken Press,
Date of publication, distribution, etc. 1994.
300 ## - PHYSICAL DESCRIPTION
Extent xvii, 265 p.
650 #0 - SUBJECT ADDED ENTRY--TOPICAL TERM
Topical term or geographic name as entry element Theology, Doctrinal.
-- 0000100890
650 #0 - SUBJECT ADDED ENTRY--TOPICAL TERM
Topical term or geographic name as entry element Christian life
General subdivision Baptist authors.
-- 0000182859
700 1# - ADDED ENTRY--PERSONAL NAME
Personal name Griffin, William.
-- 0000182860
700 1# - ADDED ENTRY--PERSONAL NAME
Personal name Dienert, Ruth Graham.
-- 0000182861
852 1# - LOCATION
-- p500 KES
908 ## - PUT COMMAND PARAMETER (RLIN)
Put command parameter 121204
950 ## - LOCAL HOLDINGS (RLIN)
-- 1
Holdings
Withdrawn status Lost status Source of classification or shelving scheme Not for loan Home library Current library Date acquired Total Checkouts Full call number Barcode Date last seen Price effective from Koha item type
    Library of Congress Classification   Kabarak, Main Campus Kabarak, Main Campus 17/12/2015   BT77 .G73 1994 c. 1 014223 02/08/2024 17/12/2015 General Collection